Thewinningflash Quizzes 5 - Statistics

General Stats
  • This quiz has been taken 4 times
  • The average score is 5 of 10
Answer Stats
Question Answer % Correct
Which Eminem song featured juice wrld Godzilla
75%
What social media app has a ghost Snap chat
75%
What social media app was renamed to X Twitter
75%
What was the animal of their logo Bird
50%
Who made 7 years Lukas Graham
50%
What Korean Movie did Mr Beast do in real life Squid Game
50%
What country has the biggest economy USA
50%
What roblox game was the finale of RB Battles Season 1 Epic Minigames
25%
What is Denmark known for Lego
25%
What is Eminem’s most popular album Love the way you lie
25%
No matching quizzes found
Score Distribution
Percent of People with Each Score
Percentile by Number Answered
Your Score History
You have not taken this quiz